INDERBIR SINGH'S TB. OF HUMAN NEUROANATOMY (Record no. 13977)

MARC details
000 -LEADER
fixed length control field 00321nam a22001457a 4500
003 - CONTROL NUMBER IDENTIFIER
control field SGT
082 ## - DEWEY DECIMAL CLASSIFICATION NUMBER
Classification number 611
Item number I18B
100 ## - MAIN ENTRY--PERSONAL NAME
Personal name BHUIYAN, PRITHA S.
245 ## - TITLE STATEMENT
Title INDERBIR SINGH'S TB. OF HUMAN NEUROANATOMY
250 ## - EDITION STATEMENT
Edition statement 10TH
260 ## - PUBLICATION, DISTRIBUTION, ETC. (IMPRINT)
Place of publication, distribution, etc INDIA
Name of publisher, distributor, etc JAYPEE
Year of Publication 2018
300 ## - PAGE DESCRIPTION
No. of Pages 273
650 ## - SUBJECT ADDED ENTRY--TOPICAL TERM
Topical term or geographic name as entry element ANATOMY
942 ## - ADDED ENTRY ELEMENTS (KOHA)
Source of classification or shelving scheme Dewey Decimal Classification
Koha item type Books
942 ## - ADDED ENTRY ELEMENTS (KOHA)
-- 132
Holdings
Withdrawn status Lost status Source of classification or shelving scheme Damaged status Not for loan Collection code Home library Current library Shelving location Date acquired Vendor Name Cost, normal purchase price SGTU Bill Number Total Checkouts Total Renewals Full call number Accession No. (Barcode) Date last seen Date last borrowed Bill Date Koha item type
    Dewey Decimal Classification     MEDICAL SGT Medical Library SGT Medical Library Text Book 18/12/2017 ABC DELHI 450.00 SGTU 8923 30 1 611 I18B FM10046 11/11/2024 29/10/2024   Books
    Dewey Decimal Classification     MEDICAL SGT Medical Library SGT Medical Library Text Book 18/12/2017 ABC DELHI 450.00 SGTU 8923 27   611 I18B FM10047 10/10/2024 30/09/2024   Books
    Dewey Decimal Classification     MEDICAL SGT Medical Library SGT Medical Library Text Book 18/12/2017 ABC DELHI 450.00 SGTU 8923 46   611 I18B FM10048 02/08/2025 30/07/2025   Books
    Dewey Decimal Classification     MEDICAL SGT Medical Library SGT Medical Library Text Book 18/12/2017 ABC DELHI 450.00 SGTU 8923 48   611 I18B FM10049 04/12/2024 20/11/2024   Books
    Dewey Decimal Classification     MEDICAL SGT Medical Library SGT Medical Library Text Book 18/12/2017 ABC DELHI 450.00 SGTU 8923 18   611 I18B FM10050 29/12/2025 12/12/2025   Books